logo

Bir Sreshtho Munshi Abdur Rouf Library
Jhenaidah Cadet College

The age of unreason / (Record no. 14147)

MARC details
000 -LEADER
fixed length control field 00765cam a2200265 a 4500
001 - CONTROL NUMBER
JCCL Control Number 14147
003 - CONTROL NUMBER IDENTIFIER
JCCL marc code BD-JhCC
005 - DATE AND TIME OF LATEST TRANSACTION
control field 20250130085832.0
008 - FIXED-LENGTH DATA ELEMENTS--GENERAL INFORMATION
fixed length control field 900817s1989 enka b 001 0 eng c
020 ## - INTERNATIONAL STANDARD BOOK NUMBER
International Standard Book Number 0091740886 :
Terms of availability £10.95
035 ## - SYSTEM CONTROL NUMBER
system control number (BD-JhCC)14147
040 ## - CATALOGING SOURCE
Original cataloging agency MH
Transcribing agency MH
Modifying agency DLC
041 ## - LANGUAGE CODE
Language code of Book eng
050 00 - LIBRARY OF CONGRESS CALL NUMBER
Classification number HD58.8
Item number .H362 1989b
082 00 - DEWEY DECIMAL CLASSIFICATION NUMBER
Classification number 302.35
DDC Edition number 20
Author mark and Year HAN 1989
100 1# - MAIN ENTRY--PERSONAL NAME
Personal name Handy, Charles B.
245 14 - TITLE STATEMENT
Title The age of unreason /
Statement of responsibility, etc Charles Handy.
260 ## - PUBLICATION, DISTRIBUTION, ETC. (IMPRINT)
Place of publication, distribution, etc London :
Name of publisher, distributor, etc Business Books,
Date of publication, distribution, etc 1989.
300 ## - PHYSICAL DESCRIPTION
Pagination vii, 216 p. :
Other physical details ill. ;
Dimensions 21 cm.
504 ## - BIBLIOGRAPHY, ETC. NOTE
Bibliography, etc Includes bibliographical references (p. [213]-214) and index.
650 #0 - SUBJECT ADDED ENTRY--TOPICAL TERM
Topical term or geographic name as entry element Organizational change.
650 #0 - SUBJECT ADDED ENTRY--TOPICAL TERM
Topical term or geographic name as entry element Organizational behavior.
650 #0 - SUBJECT ADDED ENTRY--TOPICAL TERM
Topical term or geographic name as entry element Social prediction.
942 ## - ADDED ENTRY ELEMENTS (KOHA)
Source of classification or shelving scheme Dewey Decimal Classification
Koha item type Books
Holdings
Source of classification or shelving scheme Damaged status Not for loan Home library Current library Shelving location Date of accession Source of acquisition Cost, normal purchase price Total Checkouts Full call number Barcode Date last seen Date checked out Copy number Method of acquisition Koha item type Currency
Dewey Decimal Classification     JCC Rouf Library JCC Rouf Library General Stacks   With the compliments of Maj (Retd) Syed Sakhawat Hussain,07/0388/K 375.00 1 302.35 HAN 1989 19752 05/26/2025 04/15/2025 C-1 Gift/Donation Books BDT

JCC Library | Contacts | JCC Home

Last Update on 23 September 2017
Copyright @ 2017-2020 JCC Rouf Library
Rouf Library, Jhenidah Cadet College (JCC), Bangladesh